| 000 | 00000nam##2200000za#4500 |
| 001 | 9.576465 |
| 003 | CaOODSP |
| 005 | 20210624185142 |
| 007 | cr ||||||||||| |
| 008 | 150406|1983||||xxc|||||o f|0| 0 eng|d |
| 040 | |aCaOODSP|beng |
| 043 | |an-cn--- |
| 086 | 1 |aFs97-13/426E-PDF |
| 110 | 1 |aCanada. |bDepartment of Fisheries and Oceans. |
| 245 | 10|aLife-history data on the alewife and blueback herring of the Saint John River, New Brunswick, 1981 / |h[electronic resource]|c[by] B.M. Jessop, W.E. Anderson and A.H. Vromans. |
| 260 | |aHalifax - Nova Scotia : |bFisheries and Oceans Canada |c1983. |
| 300 | |a48p.|breferences, tables |
| 490 | 1 |aCanadian data report of fisheries and aquatic sciences|vNo. 426 |
| 500 | |aOn t.p. Freshwater and Anadromous Division Resource Branch, Halifax, Nova Scotia. Catalogue number of the print edition appears in the PDF version. |
| 546 | |a(Résumé en français) |
| 590 | |a13-13-Supp|b2013-05-21 |
| 720 | 1 |aJessop, B. M. |
| 720 | 1 |aVromans, A. H. |
| 720 | 1 |aAnderson, W. E. |
| 830 | #0|aCanadian data report of fisheries and aquatic sciences ;|vNo. 426|w(CaOODSP)9.505124 |
| 856 | 40|ahttp://publications.gc.ca|qPDF|s533 KB|uhttps://publications.gc.ca/collections/collection_2013/mpo-dfo/Fs97-13-426-eng.pdf|yNo. 426 |